| 000 | 00736nam a2200181 i 4500 | ||
|---|---|---|---|
| 001 | 153532 | ||
| 003 | ES-MaACL | ||
| 005 | 20230906205253.0 | ||
| 008 | 981126s1887 ag |||| | spa d | ||
| 040 |
_aCCPB | B _bspa _cCCPB | B |
||
| 245 | 0 | 3 |
_aEl doctor D. Miguel Juarez Celman, presidente de la Republica en el primer año de su gobierno _b: Octubre 1886-1887. |
| 260 |
_aBuenos Aires : _b[s.n.], _c1887 ( _fImprenta "La Patria") |
||
| 300 |
_a165 p. ; _c25 cm. |
||
| 600 | 1 | 4 |
_aJuárez Celman, Miguel. _9170533 |
| 651 | 4 |
_aArgentina- _xPolítica y gobierno- _y1860-1910. _9197866 |
|
| 852 |
_aES-MaACL _jT-481-F-4 _z-- Enc. hol. _q-- Falto de la port. y desde la p. 52 al final _z-- Enc. en un vol. facticio |
||
| 999 |
_c153532 _d153532 |
||